| 000 | 00000nam##2200000za#4500 |
| 001 | 9.569518 |
| 003 | CaOODSP |
| 005 | 20210624181815 |
| 007 | cr ||||||||||| |
| 008 | 150406|2006||||xxc|||||o f|0| 0 eng|d |
| 040 | |aCaOODSP|beng |
| 043 | |an-cn--- |
| 086 | 1 |aNH18-1/6-1-2006E-PDF |
| 110 | 2 |aCanada Mortgage and Housing Corporation. |
| 245 | 10|aImmigrants and housing : |h[electronic resource]|ba review of Canadian literature from 1990 to 2005 / |c[by] Robert Murdie ... [et. al.]. |
| 260 | |aOttawa - Ontario : |bCanada Mortgage and Housing Corporation |c2006. |
| 300 | |a193p.|breferences, tables |
| 490 | 1 |aResearch report |
| 500 | |a"Volume 1 of a five volume series for the project, The housing situation and needs of recent immigrants in the Montréal, Toronto, and Vancouver CMAs"--page 4 of 193. |
| 504 | |aBibliography. |
| 546 | |a(Résumé en français.) |
| 590 | |a11-08-Supp|b2011-06-16 |
| 720 | 1 |aMurdie, Robert |
| 830 | #0|aResearch report (Canada Mortgage and Housing Corporation : Online)|w(CaOODSP)9.506068 |
| 856 | 40|ahttp://publications.gc.ca|qPDF|s934 KB|uhttps://publications.gc.ca/collections/collection_2011/schl-cmhc/nh18-1/NH18-1-6-1-2006-eng.pdf |